LEADER 01320nam a2200277 u 4500 001 000000001122 003 CaOOAMICUS 005 20070226104258.0 008 940513s 1985it u000 u ita u 035 $a10025362 040 $aPUL(R)$bita 245 00$aProgetti politici e stampa locale piemontese /$ccontributi di Marco Bonatti ... [et al.]. 260 $aTorino :$bCentro Studi sul giornalismo piemontese,$c1985. 300 $a93 p. ;$c24 cm 490 1 $aQuaderni del Centro Studi Carlo Trabucco ;$v6 650 4$aStampa$xStoria$zItalia$zPiemonte.$0(OLS)http://pul/subject/1259 651 4$aPiemonte$xPolitica e governo.$0(OLS)http://pul/subject/1260 700 1 $aBonatti, Marco.$0(OLS)http://pul/name/1272 710 2 $aCentro studi sul giornalismo piemontese "Carlo Trabucco" (Torino).$0(OLS)http://pul/name/1273 830 0$aQuaderni del Centro Studi Carlo Trabucco ;$v6.$0(OLS)http://pul/title/1670 850 $aPUL 852 $aPUL$W1$xDP1 Fondo Maccarrone$y58$m1526 E 3$j1457$nBK-PRI$b $qFondi$B1457$CPULBib$Z2$F1457 $H $81 941 1 $a1 961 $aINV: F. Maccarrone 996 $6245$aProgetti politici e stampa locale piemontese$9(OLS)http://pul/title/1669 996 $6260$aTorino :$bCentro Studi sul giornalismo piemontese$9(OLS)http://pul/publisher/48550 LEADER 01658nam a2200301 a 4500 001 000000007328 003 CaOOAMICUS 005 20130724143202.0 008 940606m19299999it u000 u ita r 035 $a10190780 040 $aPUL(R)$bita 100 1 $aCalasso, Francesco,$d1904-1965.$0(OLS)http://pul/name/7428 245 13$aLa legislazione statuaria dell'Italia meridionale.$nParte prima,$pLe basi storiche : le libertà cittadine dalla fondazione del regno all'epoca degli statuti /$cFrancesco Calasso. 246 3 $aBasi storiche :$ble libertà cittadine dalla fondazione del regno all'epoca degli statuti 260 $aRoma :$bA. Signorelli,$c1929. 300 $a301 p. ;$c25 cm 490 1 $aBiblioteca della Rivista di storia del diritto italiano ;$v3 504 $aBibliografia in nota. 650 4$aStatuti comunali$zItalia.$0(OLS)http://pul/subject/6537 650 4$aDiritto medievale.$0(OLS)http://pul/subject/60 830 0$aBiblioteca della Rivista di storia del diritto italiano ;$v3.$0(OLS)http://pul/title/7731 850 $aPUL 852 $aPUL$W1$xDP2 Diritto e Scienze Sociali 1$y65$m181 A 54$j10339$nBK-PRI$qStampati$B10339$CPULBib$Z2$F10339 $82 941 1 $a8 961 $aEx libris: Evaristi Carusi. 996 $6245$aLa legislazione statuaria dell'Italia meridionale.$nParte prima,$pLe basi storiche : le libertà cittadine dalla fondazione del regno all'epoca degli statuti$9(OLS)http://pul/title/10768 996 $6246$aBasi storiche :$ble libertà cittadine dalla fondazione del regno all'epoca degli statuti$9(OLS)http://pul/title/10769 996 $6260$aRoma :$bA. Signorelli$9(OLS)http://pul/publisher/47970